| 000 | 00518nam a2200157Ia 4500 | ||
|---|---|---|---|
| 008 | 181130s2018 xx 000 0 und d | ||
| 100 | _aHeinrich, Carolyn J. | ||
| 245 |
_aPresidential address: _ba thousand Petty Fortresses: administrative burden in U.S. immigration policies and its consequences |
||
| 260 | _c2018 | ||
| 300 | _ap.211-239. | ||
| 504 | _dSpring | ||
| 650 | _aImmigration | ||
| 650 | _aImmigration - Policy - U.S.A. | ||
| 773 | _aJournal of Policy Analysis and Management | ||
| 906 | _aImmigration | ||
| 999 |
_c506401 _d506401 |
||